[Event "SV Merseburg-SG Eintracht Neubrandenburg"]
[Site "DVM U14 in Arendsee"]
[Date "2009.12.29"]
[Round "6.1"]
[White "Stövesand, Eric"]
[Black "Gering, Samuel"]
[Result "1/2-1/2"]
[WhiteElo "1889"]
[BlackElo "1915"]
[PlyCount "80"]
[EventDate "2009.??.??"]
[WhiteTeam "SG Eintracht Neubrandenburg"]
[BlackTeam "SV Merseburg"]

1. e4 c6 2. d4 d5 3. Nc3 dxe4 4. Nxe4 Bf5 5. Ng3 Bg6 6. Nf3 Nd7 7. h4 h6 8. h5
Bh7 9. Bd3 Bxd3 10. Qxd3 e6 11. Bd2 Ngf6 12. O-O-O Be7 13. Qe2 b5 14. Ne5 Rc8
15. Ne4 Nxe4 16. Qxe4 Nxe5 17. dxe5 Qd5 18. Qxd5 cxd5 19. Rh3 O-O 20. Rc3 Bc5
21. Be3 Bxe3+ 22. Rxe3 Rc4 23. Rdd3 b4 24. a3 Rfc8 25. Re2 a5 26. axb4 axb4 27.
g3 Kf8 28. b3 R4c5 29. Rd4 Rb5 30. g4 Ke7 31. f4 Rc3 32. Rd3 Rc8 33. Rd4 Rb6
34. Rf2 g6 35. Rh2 Rh8 36. Kd2 gxh5 37. Rxh5 Rg8 38. Rh4 Rg6 39. f5 exf5 40.
gxf5 Rg5 1/2-1/2

[Event "SV Merseburg-SG Eintracht Neubrandenburg"]
[Site "DVM U14 in Arendsee"]
[Date "2009.12.29"]
[Round "6.2"]
[White "Knopf, Felix"]
[Black "Baier, Christoph"]
[Result "1/2-1/2"]
[WhiteElo "1645"]
[BlackElo "1846"]
[PlyCount "135"]
[EventDate "2009.??.??"]
[WhiteTeam "SV Merseburg"]
[BlackTeam "SG Eintracht Neubrandenburg"]

1. d4 Nf6 2. Nf3 g6 3. c4 Bg7 4. Nc3 O-O 5. e4 d6 6. Be2 e5 7. O-O Nc6 8. d5
Ne7 9. b4 Nd7 10. Ng5 h6 11. Nf3 f5 12. Nd2 f4 13. Nb3 Nf6 14. f3 g5 15. c5 Rf7
16. Bd2 Bf8 17. Rc1 Rg7 18. Nb5 g4 19. cxd6 cxd6 20. Nc7 Rb8 21. Ne6 Bxe6 22.
dxe6 gxf3 23. Bxf3 Ng6 24. Qc2 Nh4 25. Be1 Nxf3+ 26. Rxf3 Ng4 27. Bf2 b6 28. a3
Qg5 29. Rh3 Qg6 30. a4 Qxe6 31. Qc4 Qxc4 32. Rxc4 Nxf2 33. Kxf2 Kh7 34. Rhc3
Be7 35. Rc7 Rbg8 36. Kf3 Bh4 37. R3c6 Rxc7 38. Rxc7+ Rg7 39. Rxg7+ Kxg7 40. b5
Kf6 41. Nc1 Ke6 42. Nd3 d5 43. exd5+ Kxd5 44. Nb4+ Kc4 45. Nc6 Kb3 46. Nxe5
Kxa4 47. Nc6 Kxb5 48. Nxa7+ Kc5 49. Kxf4 Bd8 50. Ke4 Bc7 51. h3 Bb8 52. Nc8 b5
53. Kd3 Bf4 54. Ne7 b4 55. Nf5 Kd5 56. Ne7+ Kd6 57. Nf5+ Ke6 58. Nd4+ Kf6 59.
Ke4 Bd2 60. Nb3 Bc3 61. Kf4 Kg6 62. g4 Bf6 63. Nc5 Be7 64. Nb3 Bd6+ 65. Kf3 Kg5
66. Nd2 Kh4 67. Kg2 Kg5 68. Kf3 1/2-1/2

[Event "SV Merseburg-SG Eintracht Neubrandenburg"]
[Site "DVM U14 in Arendsee"]
[Date "2009.12.29"]
[Round "6.3"]
[White "Valet, Alexander"]
[Black "Hoffmann, Dustin"]
[Result "1-0"]
[WhiteElo "1781"]
[BlackElo "1471"]
[PlyCount "65"]
[EventDate "2009.??.??"]
[WhiteTeam "SG Eintracht Neubrandenburg"]
[BlackTeam "SV Merseburg"]

1. e4 c5 2. Nc3 Nc6 3. d3 g6 4. g3 Bg7 5. Bg2 d6 6. f4 e6 7. Nf3 Nge7 8. O-O
O-O 9. Be3 Bd7 10. Rb1 a6 11. Qd2 Qc7 12. Rfd1 b6 13. d4 Rfd8 14. dxc5 dxc5 15.
e5 Nf5 16. Bf2 Bc8 17. Qe2 Bb7 18. Ne4 Ncd4 19. Bxd4 Nxd4 20. Nxd4 cxd4 21. Nd6
Bxg2 22. Qxg2 Qc5 23. Kh1 Qb4 24. a3 Qa4 25. Qb7 Qxc2 26. Qxf7+ Kh8 27. Qxe6
Rf8 28. Qc4 Qf2 29. Qxd4 Qf3+ 30. Kg1 Bh6 31. Qe4 Qb3 32. e6 Rf6 33. Qxa8+ 1-0

[Event "SV Merseburg-SG Eintracht Neubrandenburg"]
[Site "DVM U14 in Arendsee"]
[Date "2009.12.29"]
[Round "6.4"]
[White "Jacob, Hannes"]
[Black "Stövesand, Peter"]
[Result "1/2-1/2"]
[WhiteElo "1377"]
[BlackElo "1613"]
[PlyCount "87"]
[EventDate "2009.??.??"]
[WhiteTeam "SV Merseburg"]
[BlackTeam "SG Eintracht Neubrandenburg"]

1. e4 e5 2. Nf3 Nc6 3. Bc4 Bc5 4. d3 d6 5. Nc3 Nf6 6. Be3 Bb6 7. Qd2 Be6 8. Bb3
Qd7 9. O-O-O O-O-O 10. Rde1 Bxb3 11. cxb3 Rhe8 12. Bxb6 axb6 13. d4 Qg4 14.
dxe5 Nxe5 15. Nxe5 dxe5 16. Qe3 Rd6 17. h3 Qg6 18. g4 Red8 19. Rd1 h6 20. Rhf1
Nh7 21. Rxd6 Rxd6 22. Kb1 Ng5 23. f4 exf4 24. Rxf4 Rf6 25. Nd5 Re6 26. Nc3 Re5
27. Qd4 Re8 28. Qe3 Qc6 29. h4 Ne6 30. Rxf7 Nc5 31. Rf4 g5 32. hxg5 hxg5 33.
Rf1 Nxe4 34. Nxe4 Qxe4+ 35. Qxe4 Rxe4 36. Rg1 Kd7 37. Kc2 Kd6 38. Kd3 Rf4 39.
a3 b5 40. Rg2 c6 41. Ke3 Kc5 42. Rc2+ Kb6 43. Rg2 b4 44. Kd3 1/2-1/2

[Event "USV TU Dresden-SC Forchheim"]
[Site "DVM U14 in Arendsee"]
[Date "2009.12.29"]
[Round "6.1"]
[White "Mons, Leon"]
[Black "Osmanodja, Filiz"]
[Result "1/2-1/2"]
[WhiteElo "2119"]
[BlackElo "2034"]
[PlyCount "101"]
[EventDate "2009.??.??"]
[WhiteTeam "SC Forchheim"]
[BlackTeam "USV TU Dresden"]

1. e4 {[%emt 0:00:00]} c5 2. Nf3 Nc6 3. Bb5 Nd4 4. Nxd4 cxd4 5. O-O a6 6. Be2
e5 7. f4 d6 8. d3 Nf6 9. c4 Be7 10. Nd2 O-O 11. Bf3 Nd7 12. Bg4 b6 13. b3 Bb7
14. Nf3 Bf6 15. Bxd7 Qxd7 16. f5 h6 17. g4 Qd8 18. Qe1 Be7 19. h4 f6 20. Rf2
Kf7 21. Rg2 Ke8 22. a4 a5 23. h5 Kd7 24. Rb2 Bc6 25. Bd2 Qc7 26. Qc1 Rfb8 27.
Ne1 Bf8 28. Nc2 Ke8 29. Na3 Ra6 30. Rba2 Rba8 31. Nb5 Qd8 32. Qc2 Kf7 33. Kf2
Be7 34. b4 axb4 35. Bxb4 Rc8 36. Qb3 Kf8 37. Kg3 Raa8 38. Kf2 Ra6 39. Ke1 Raa8
40. Kd2 Qd7 41. Ke2 Ra6 42. Bd2 Rb8 43. a5 bxa5 44. Rxa5 Rxa5 45. Rxa5 Bd8 46.
Ra6 Bxb5 47. Rxd6 Qe8 48. Re6 Qd7 49. Bb4+ Kg8 50. cxb5 Kh7 51. b6 1/2-1/2

[Event "USV TU Dresden-SC Forchheim"]
[Site "DVM U14 in Arendsee"]
[Date "2009.12.29"]
[Round "6.2"]
[White "Neef, Maximilian"]
[Black "Stephan, Michael"]
[Result "1-0"]
[WhiteElo "1859"]
[BlackElo "1742"]
[PlyCount "82"]
[EventDate "2009.??.??"]
[WhiteTeam "USV TU Dresden"]
[BlackTeam "SC Forchheim"]

1. d4 {[%emt 0:00:00]} Nf6 2. c4 c5 3. d5 g6 4. Nc3 Bg7 5. e4 d6 6. f4 O-O 7.
Nf3 Bg4 8. Be2 Nbd7 9. O-O a6 10. a4 Ne8 11. Be3 Nc7 12. Qc2 Rb8 13. h3 Bxf3
14. Rxf3 e6 15. a5 Re8 16. Bf2 exd5 17. exd5 b6 18. axb6 Rxb6 19. Bd3 Qb8 20.
Rb1 Qd8 21. b3 f5 22. Qd2 Qf6 23. Bc2 Rbb8 24. Na2 Rb7 25. Kh2 a5 26. Nc3 Qd8
27. Re3 Rxe3 28. Bxe3 Qb8 29. Na4 Nb6 30. Qxa5 Nxa4 31. Qxa4 Ra7 32. Qd7 Kh8
33. Qxd6 Ra2 34. Bd1 Bf8 35. Qf6+ Bg7 36. Qh4 Qe8 37. Qg3 Qe4 38. Rc1 Bf6 39.
Qf3 Qd3 40. Bxc5 Qd2 41. Be3 Qd3 1-0

[Event "USV TU Dresden-SC Forchheim"]
[Site "DVM U14 in Arendsee"]
[Date "2009.12.29"]
[Round "6.3"]
[White "Nöttling, Dominik"]
[Black "Pfefferkorn, Kai"]
[Result "1/2-1/2"]
[WhiteElo "1688"]
[BlackElo "1530"]
[PlyCount "81"]
[EventDate "2009.??.??"]
[WhiteTeam "SC Forchheim"]
[BlackTeam "USV TU Dresden"]

1. e4 e6 2. d4 d5 3. Nd2 Nf6 4. e5 Nfd7 5. c3 c5 6. Ngf3 Nc6 7. a3 cxd4 8. cxd4
f6 9. exf6 Nxf6 10. Bb5 Bd7 11. Bxc6 Bxc6 12. Ne5 Bd6 13. Ndf3 O-O 14. O-O Qc7
15. Re1 Nd7 16. Qd3 Nxe5 17. dxe5 Bc5 18. Be3 Bxe3 19. Rxe3 h6 20. Nd4 Rae8 21.
Rc1 Qb6 22. b4 Rf4 23. Nxc6 bxc6 24. Qc2 Rc4 25. Rc3 Rxc3 26. Qxc3 Rf8 27. Qc5
Qc7 28. Qd4 Qb7 29. Rc5 Qa6 30. Qe3 Qa4 31. Qc1 Qa6 32. Rxc6 Qe2 33. f4 g5 34.
Rc8 gxf4 35. Rxf8+ Kxf8 36. Qc8+ Kf7 37. Qd7+ Kf8 38. Qd8+ Kg7 39. Qe7+ Kh8 40.
Qf8+ Kh7 41. Qe7+ 1/2-1/2

[Event "USV TU Dresden-SC Forchheim"]
[Site "DVM U14 in Arendsee"]
[Date "2009.12.29"]
[Round "6.4"]
[White "Teich, Thomas"]
[Black "Förstel, Markus"]
[Result "1/2-1/2"]
[WhiteElo "1496"]
[BlackElo "1382"]
[PlyCount "149"]
[EventDate "2009.??.??"]
[WhiteTeam "USV TU Dresden"]
[BlackTeam "SC Forchheim"]

1. e4 e5 2. Nf3 Nc6 3. Bb5 a6 4. Ba4 Nf6 5. O-O b5 6. Bb3 Be7 7. Re1 Na5 8.
Nxe5 Nxb3 9. axb3 Bb7 10. d3 d6 11. Nf3 Qd7 12. Bd2 O-O-O 13. c4 c5 14. cxb5
axb5 15. Qc2 Qc6 16. Nc3 Rde8 17. Ra2 b4 18. Ne2 Kb8 19. Rea1 Bd8 20. Ng5 Re7
21. f3 h6 22. Nh3 Bb6 23. Kh1 g5 24. Be3 Rd8 25. Rc1 Rc8 26. Nf2 d5 27. Rd1 d4
28. Bd2 Nd7 29. Ng3 Ne5 30. Nf5 Re6 31. Be1 Rc7 32. Kg1 Rg6 33. Nh1 h5 34. Bg3
f6 35. Bxe5 fxe5 36. g4 h4 37. Nf2 Qf6 38. Nh3 Kc8 39. Kg2 Kd8 40. Qc4 Qc6 41.
Re1 Bc8 42. Kf2 Be6 43. Qc2 Ra7 44. Rea1 Rxa2 45. Rxa2 Kd7 46. Ra6 Qb7 47. Ra4
Qc6 48. Ra6 Rg8 49. Ra4 Bd8 50. Ra7+ Bc7 51. Ra4 Qb6 52. Ke2 Bd8 53. Kf2 Kc6
54. Ke2 Bf6 55. Ra1 Rb8 56. Qd2 Qd8 57. Qc2 Kb5 58. Ra7 Kb6 59. Ra1 Ra8 60. Ra4
Bd7 61. Rxa8 Qxa8 62. Nd6 Qa1 63. Nc4+ Kc6 64. Qd1 Qa2 65. Kd2 Be6 66. Kc2 Bxc4
67. dxc4 Qa8 68. Qd3 Kd6 69. Qd1 Ke6 70. Kb1 Qd8 71. Kc2 Kf7 72. Qd3 Kg6 73.
Qd1 Qa5 74. Kb1 Qa6 75. Qd3 1/2-1/2

[Event "SF Köln-Mülheim-FC Ergolding 1932"]
[Site "DVM U14 in Arendsee"]
[Date "2009.12.29"]
[Round "6.1"]
[White "Oberpriller, Johannes"]
[Black "Pauly, Carlo"]
[Result "0-1"]
[WhiteElo "1735"]
[BlackElo "1993"]
[PlyCount "56"]
[EventDate "2009.??.??"]
[WhiteTeam "FC Ergolding 1932"]
[BlackTeam "SF Köln-Mülheim"]

1. Nf3 Nf6 2. g3 g6 3. Bg2 Bg7 4. O-O O-O 5. d4 d6 6. c4 c6 7. Nc3 Qa5 8. Bd2
Qh5 9. h4 e5 10. Qb3 Na6 11. Rfe1 exd4 12. Nxd4 Nc5 13. Qd1 a5 14. Bf4 Rd8 15.
e4 Ne6 16. Be3 Qxd1 17. Raxd1 Ng4 18. Nxe6 Bxe6 19. Bb6 Rd7 20. c5 dxc5 21.
Rxd7 Bxd7 22. Bxc5 Ne5 23. Na4 Be6 24. b3 b5 25. Nb2 a4 26. bxa4 bxa4 27. a3
Nd7 28. Nd3 Bc4 0-1

[Event "SF Köln-Mülheim-FC Ergolding 1932"]
[Site "DVM U14 in Arendsee"]
[Date "2009.12.29"]
[Round "6.2"]
[White "Eigemann, Frederik"]
[Black "Schnurr, Christian"]
[Result "1/2-1/2"]
[WhiteElo "1900"]
[BlackElo "1709"]
[PlyCount "89"]
[EventDate "2009.??.??"]
[WhiteTeam "SF Köln-Mülheim"]
[BlackTeam "FC Ergolding 1932"]

1. d4 Nf6 2. Bg5 d5 3. Bxf6 exf6 4. c4 c6 5. e3 dxc4 6. Bxc4 Be6 7. Bd3 g6 8.
Nc3 Bg7 9. Nge2 f5 10. Nf4 Qe7 11. Qd2 Nd7 12. Rc1 Nb6 13. O-O O-O 14. Rc2 Rfd8
15. Rfc1 Nd5 16. Nfxd5 Bxd5 17. Nxd5 Rxd5 18. Bc4 Rd7 19. g3 g5 20. Qe2 f4 21.
exf4 Qxe2 22. Rxe2 gxf4 23. d5 fxg3 24. hxg3 Bf6 25. dxc6 bxc6 26. Bb3 Rc7 27.
Ba4 Rac8 28. b3 Kg7 29. Kg2 c5 30. Bb5 a5 31. a4 Re7 32. Rd2 Rcc7 33. Re2 Rxe2
34. Bxe2 Bb2 35. Rd1 Bd4 36. Bc4 Re7 37. Rd3 Re1 38. Kf3 f6 39. Rd2 Re7 40. Re2
Rxe2 41. Kxe2 Bc3 42. Kd3 Bb4 43. Ke4 h6 44. f4 Ba3 45. g4 1/2-1/2

[Event "SF Köln-Mülheim-FC Ergolding 1932"]
[Site "DVM U14 in Arendsee"]
[Date "2009.12.29"]
[Round "6.3"]
[White "Schoepe, Tobias"]
[Black "Eigemann, Julian"]
[Result "1/2-1/2"]
[WhiteElo "1696"]
[BlackElo "1851"]
[PlyCount "76"]
[EventDate "2009.??.??"]
[WhiteTeam "FC Ergolding 1932"]
[BlackTeam "SF Köln-Mülheim"]

1. e4 c5 2. Nf3 d6 3. d4 cxd4 4. Nxd4 Nf6 5. Nc3 a6 6. Be3 e6 7. Be2 Be7 8. O-O
b5 9. a3 Bb7 10. Bf3 Nbd7 11. Nb3 Ne5 12. Bf4 Nc4 13. Rb1 Rc8 14. Qd3 Qc7 15.
Ne2 O-O 16. Ng3 Nd7 17. c3 Nde5 18. Bxe5 Nxe5 19. Qe2 Nxf3+ 20. Qxf3 d5 21. Qe3
dxe4 22. Nxe4 Qc6 23. f3 Qd5 24. Na5 Ba8 25. Kh1 f5 26. Ng5 Bxg5 27. Qxg5 f4
28. Qg4 Qf5 29. Qxf5 Rxf5 30. Nb3 e5 31. Rfe1 Bd5 32. Nd2 Rd8 33. Rbd1 Kf7 34.
Ne4 Ke7 35. Kg1 a5 36. Nc5 a4 37. Na6 Rd6 38. Nb4 Ke6 1/2-1/2

[Event "SF Köln-Mülheim-FC Ergolding 1932"]
[Site "DVM U14 in Arendsee"]
[Date "2009.12.29"]
[Round "6.4"]
[White "Rahmen, Christian"]
[Black "Wanninger, Carl"]
[Result "0-1"]
[WhiteElo "1223"]
[BlackElo "1597"]
[PlyCount "44"]
[EventDate "2009.??.??"]
[WhiteTeam "SF Köln-Mülheim"]
[BlackTeam "FC Ergolding 1932"]

1. Nf3 d5 2. g3 c5 3. Bg2 Nc6 4. O-O Bf5 5. d3 e6 6. Nbd2 Nf6 7. Re1 Be7 8. e4
dxe4 9. dxe4 Nxe4 10. Nh4 Bxh4 11. Nxe4 Be7 12. Bf4 O-O 13. Qh5 Bg6 14. Qg4 f5
15. Qe2 Nd4 16. Qd3 fxe4 17. Bxe4 Bxe4 18. Qxe4 Bg5 19. Rad1 Bxf4 20. gxf4 Qd5
21. c3 Nf3+ 22. Kf1 Nd2+ 0-1

[Event "Aachener SV 1856-SC Reti Heusweiler"]
[Site "DVM U14 in Arendsee"]
[Date "2009.12.29"]
[Round "6.1"]
[White "Grewenig, Jan"]
[Black "Titgemeyer, Sven"]
[Result "0-1"]
[WhiteElo "1802"]
[BlackElo "1907"]
[PlyCount "174"]
[EventDate "2009.??.??"]
[WhiteTeam "SC Reti Heusweiler"]
[BlackTeam "Aachener SV 1856"]

1. e4 {[%emt 0:00:00]} e5 2. Nf3 Nc6 3. d4 exd4 4. Nxd4 Bc5 5. Nxc6 Qf6 6. Qd2
dxc6 7. Nc3 Be6 8. Bd3 O-O-O 9. O-O Bd4 10. Ne2 Bxb2 11. Bxb2 Qxb2 12. Rfb1 Qa3
13. Qg5 Nf6 14. Nf4 h6 15. Qxg7 Qe7 16. Ng6 Qe8 17. Nxh8 Qxh8 18. Qxh8 Rxh8 19.
f3 Nd7 20. Kf2 Nc5 21. Ke3 Na4 22. Rb4 b5 23. c4 a6 24. Bc2 Nb6 25. cxb5 cxb5
26. a4 Nc4+ 27. Ke2 Nb6 28. axb5 axb5 29. Bb3 Bxb3 30. Rxb3 c6 31. Ra7 Rf8 32.
Ke3 Kb8 33. Re7 Nc8 34. Rd7 Nb6 35. Re7 Nc8 36. Re5 Nd6 37. Rc5 Kb7 38. e5 Kb6
39. Rc2 Re8 40. Kf4 Nb7 41. Rd3 Re6 42. Kf5 Nc5 43. Rd8 Kc7 44. Rh8 Nd3 45. f4
b4 46. Rh7 Re7 47. Kf6 b3 48. Rd2 b2 49. Rd1 Nc1 50. Kxe7 b1=Q 51. Rd7+ Kb6 52.
Rxf7 Nb3 53. e6 Nc5 54. Rd8 Qg6 55. f5 Qg5+ 56. Ke8 Qg8+ 57. Rf8 Qg5 58. e7 Ne4
59. Rd4 Nc5 60. Kd8 Nb7+ 61. Kd7 Nc5+ 62. Kd6 Nb7+ 63. Ke6 Qe3+ 64. Kf6 Qxd4+
65. Kg6 Qg4+ 66. Kh7 Nd6 67. f6 c5 68. e8=Q Nxe8 69. Rxe8 Qf5+ 70. Kg7 Qg5+ 71.
Kf7 c4 72. Re6+ Kb5 73. Ke8 Qg6+ 74. Ke7 Qg5 75. Ke8 Qf5 76. Ke7 Qc5+ 77. Ke8
c3 78. f7 c2 79. Re1 Qh5 80. g3 Kc6 81. Ke7 Qg5+ 82. Ke8 Qf5 83. Ke7 Qg5+ 84.
Ke8 Qg6 85. g4 Qd6 86. h3 Qb8+ 87. Ke7 Qb4+ 0-1

[Event "Aachener SV 1856-SC Reti Heusweiler"]
[Site "DVM U14 in Arendsee"]
[Date "2009.12.29"]
[Round "6.3"]
[White "Holle, Eric"]
[Black "Hagmanns, Raphael"]
[Result "0-1"]
[WhiteElo "1630"]
[BlackElo "1578"]
[PlyCount "70"]
[EventDate "2009.??.??"]
[WhiteTeam "SC Reti Heusweiler"]
[BlackTeam "Aachener SV 1856"]

1. e4 e5 2. Nf3 Nc6 3. d4 exd4 4. Nxd4 Bc5 5. Be3 Qf6 6. c3 Nge7 7. Bc4 O-O 8.
O-O Ne5 9. Be2 d6 10. f4 N5c6 11. b4 Bb6 12. b5 Nxd4 13. cxd4 d5 14. e5 Qe6 15.
g4 Qg6 16. h3 Nf5 17. Bf2 Ne7 18. Kh2 f5 19. Bh4 Rf7 20. Nc3 fxg4 21. Bxe7 g3+
22. Kg2 Rxe7 23. Nxd5 Rd7 24. Qb3 Rxd5 25. Qxd5+ Be6 26. Qxb7 Rd8 27. Bf3 Rxd4
28. Rad1 Bxh3+ 29. Kxh3 Qh6+ 30. Kxg3 Qxf4+ 31. Kh3 Qh4+ 32. Kg2 Qg5+ 33. Bg4
Rxg4+ 34. Kf3 Qf4+ 35. Ke2 Qe3# 0-1

[Event "Aachener SV 1856-SC Reti Heusweiler"]
[Site "DVM U14 in Arendsee"]
[Date "2009.12.29"]
[Round "6.4"]
[White "Ucaroglu, Melih Furkan"]
[Black "Schirra, Felix"]
[Result "1/2-1/2"]
[WhiteElo "1392"]
[BlackElo "1370"]
[PlyCount "55"]
[EventDate "2009.??.??"]
[WhiteTeam "Aachener SV 1856"]
[BlackTeam "SC Reti Heusweiler"]

1. c4 c5 2. Nf3 Nf6 3. Nc3 Nc6 4. g3 g6 5. Bg2 Bg7 6. O-O O-O 7. d3 d6 8. Bf4
a6 9. Qd2 Bd7 10. Bh6 Rb8 11. Bxg7 Kxg7 12. d4 cxd4 13. Nxd4 Nxd4 14. Qxd4 Kg8
15. e4 Qc7 16. Nd5 Nxd5 17. cxd5 Rfc8 18. Qd2 Qc2 19. Rad1 Rc7 20. Rfe1 Rbc8
21. Bf1 Bg4 22. Bd3 Qxd1 23. Rxd1 Bxd1 24. Kg2 Bc2 25. Bxc2 Rxc2 26. Qb4 R2c7
27. Qb6 Kf8 28. Kf3 1/2-1/2

[Event "SF Paderborn 2000-SG Königskinder Hohent"]
[Site "DVM U14 in Arendsee"]
[Date "2009.12.29"]
[Round "6.1"]
[White "Estedt, Jonathan"]
[Black "Hötte, Philipp"]
[Result "1/2-1/2"]
[WhiteElo "1788"]
[BlackElo "1836"]
[PlyCount "74"]
[EventDate "2009.??.??"]
[WhiteTeam "SG Königskinder Hohentübingen"]
[BlackTeam "SF Paderborn 2000"]

1. d4 Nf6 2. Nf3 g6 3. c4 Bg7 4. g3 O-O 5. Bg2 c5 6. d5 d6 7. Nc3 a6 8. O-O
Nbd7 9. e4 b5 10. Nd2 b4 11. Ne2 a5 12. a4 Ne5 13. Qc2 e6 14. dxe6 Bxe6 15. h3
Rb8 16. b3 Nc6 17. Bb2 Qd7 18. Kh2 Nh5 19. Bxg7 Nxg7 20. Qb2 f5 21. Nf4 Nd4 22.
Nf3 Nxf3+ 23. Bxf3 Rbe8 24. Rfe1 g5 25. Nxe6 Qxe6 26. exf5 Qxf5 27. Rxe8 Rxe8
28. Kg2 Re5 29. Qd2 Qf6 30. Re1 h6 31. Bg4 Ne6 32. Bxe6+ Qxe6 33. Rd1 Re2 34.
Qxd6 Qxd6 35. Rxd6 Rc2 36. Rd3 Rc3 37. Re3 Rc2 1/2-1/2

[Event "SF Paderborn 2000-SG Königskinder Hohent"]
[Site "DVM U14 in Arendsee"]
[Date "2009.12.29"]
[Round "6.2"]
[White "Masalsky, Nicolai"]
[Black "Jansen, Lauritz"]
[Result "0-1"]
[WhiteElo "1622"]
[BlackElo "1655"]
[PlyCount "134"]
[EventDate "2009.??.??"]
[WhiteTeam "SF Paderborn 2000"]
[BlackTeam "SG Königskinder Hohentübingen"]

1. e4 c5 2. Nc3 e6 3. g3 Nc6 4. Bg2 g6 5. d3 Bg7 6. Be3 d6 7. Qd2 Nge7 8. Bh6
O-O 9. Bxg7 Kxg7 10. f4 Qb6 11. Na4 Qb4 12. Qxb4 Nxb4 13. Kd2 Bd7 14. Nc3 Bc6
15. a3 Na6 16. Nf3 Nc7 17. Rhg1 d5 18. e5 Rfd8 19. Rae1 b5 20. d4 c4 21. Ne2 a5
22. c3 Rdb8 23. Rb1 b4 24. Kc2 Rb7 25. g4 Rab8 26. Nd2 Ba4+ 27. Kc1 Ng8 28. h3
Ne7 29. Bf3 bxa3 30. bxa3 Rxb1+ 31. Nxb1 Bb3 32. Kd2 Ba2 33. Kc2 Nb5 34. Kd2
Nc6 35. a4 Nbxd4 36. Nxd4 Nxd4 37. cxd4 Bxb1 38. Bd1 Bd3 39. Re1 Rb2+ 40. Kc3
Rf2 41. Re3 Rxf4 42. Rf3 Rxf3 43. Bxf3 g5 44. Bg2 h5 45. Bf3 Bf1 46. gxh5 Bxh3
47. Kd2 Bf5 48. Kc3 g4 49. Bg2 Be4 50. Bf1 g3 51. h6+ Kxh6 52. Kd2 g2 53. Bxg2
Bxg2 54. Kc3 Kg5 55. Kd2 Kf4 56. Kc2 Ke3 57. Kc3 Be4 58. Kb2 Kd2 59. Ka1 c3 60.
Ka2 c2 61. Kb3 c1=Q 62. Ka2 Qc4+ 63. Ka1 Qxa4+ 64. Kb2 Qxd4+ 65. Kb3 a4+ 66.
Ka2 Qb4 67. Ka1 Qa3# 0-1

[Event "SF Paderborn 2000-SG Königskinder Hohent"]
[Site "DVM U14 in Arendsee"]
[Date "2009.12.29"]
[Round "6.3"]
[White "Müller, Nils Samuel"]
[Black "Kuckling, Jonas"]
[Result "0-1"]
[WhiteElo "1576"]
[BlackElo "1497"]
[PlyCount "102"]
[EventDate "2009.??.??"]
[WhiteTeam "SG Königskinder Hohentübingen"]
[BlackTeam "SF Paderborn 2000"]

1. e4 c5 2. Nf3 e6 3. d4 cxd4 4. Nxd4 a6 5. Nc3 Qc7 6. Bd3 Nf6 7. Qe2 d6 8. Be3
Be7 9. f3 Nbd7 10. Nb3 b5 11. a3 Bb7 12. O-O O-O 13. f4 h6 14. Rad1 Nc5 15. e5
dxe5 16. fxe5 Nfd7 17. Nxc5 Bxc5 18. Bxc5 Qxc5+ 19. Rf2 Nxe5 20. Be4 Bxe4 21.
Nxe4 Qc7 22. Nd6 Ng6 23. Rf3 Rad8 24. Ne4 Rxd1+ 25. Qxd1 Rc8 26. Rc3 Qb6+ 27.
Kf1 Rd8 28. Rd3 Rc8 29. Rd6 Qb7 30. Nc3 Rc4 31. Rd4 Nf4 32. Ne4 Qc6 33. c3 f5
34. g3 fxe4 35. gxf4 Rxd4 36. Qxd4 Qc4+ 37. Qxc4 bxc4 38. Ke2 Kf7 39. Ke3 Kf6
40. Kxe4 g5 41. fxg5+ hxg5 42. h3 e5 43. Kd5 Kf5 44. Kxc4 Ke4 45. Kc5 Kd3 46.
Kd5 e4 47. c4 e3 48. c5 e2 49. c6 e1=Q 50. c7 Qe8 51. a4 Qd7+ 0-1

[Event "SF Paderborn 2000-SG Königskinder Hohent"]
[Site "DVM U14 in Arendsee"]
[Date "2009.12.29"]
[Round "6.4"]
[White "Gehle, Philipp"]
[Black "Reimer, Benedict"]
[Result "0-1"]
[WhiteElo "1379"]
[BlackElo "1447"]
[PlyCount "112"]
[EventDate "2009.??.??"]
[WhiteTeam "SF Paderborn 2000"]
[BlackTeam "SG Königskinder Hohentübingen"]

1. e4 c5 2. c3 e6 3. d4 d5 4. exd5 Qxd5 5. Nf3 Nc6 6. Be3 cxd4 7. Nxd4 Nxd4 8.
Qxd4 Nf6 9. Nd2 Bd7 10. Nf3 Be7 11. Bc4 Qxd4 12. Bxd4 O-O 13. Ne5 Bc6 14. Nxc6
bxc6 15. O-O Nd5 16. Ba6 Rab8 17. b3 Bd6 18. Bd3 c5 19. Be3 Nxc3 20. Rfc1 Nd5
21. Bxc5 Bxc5 22. Rxc5 Rfc8 23. Rxc8+ Rxc8 24. Bc4 Nb6 25. Rc1 Nxc4 26. Rxc4
Rxc4 27. bxc4 Kf8 28. Kf1 Ke7 29. Ke2 Kd6 30. Kd3 Kc5 31. a3 g5 32. h3 h5 33.
g4 hxg4 34. hxg4 f5 35. f3 a5 36. Kc3 a4 37. Kd3 fxg4 38. fxg4 e5 39. Ke4 Kxc4
40. Kf5 e4 41. Kxe4 Kb3 42. Kd3 Kxa3 43. Kc3 Ka2 44. Kc2 a3 45. Kc1 Kb3 46. Kb1
Kc4 47. Ka2 Kd4 48. Kxa3 Ke4 49. Kb3 Kf4 50. Kc2 Kxg4 51. Kd2 Kh3 52. Ke2 g4
53. Kf2 Kh2 54. Ke3 g3 55. Kd4 g2 56. Ke4 g1=Q 0-1

[Event "SV Empor Erfurt-Sabt Frankfurter TV 1860"]
[Site "DVM U14 in Arendsee"]
[Date "2009.12.29"]
[Round "6.1"]
[White "Medvedovski, Michael"]
[Black "Urban, Lars"]
[Result "0-1"]
[WhiteElo "1768"]
[BlackElo "1808"]
[PlyCount "122"]
[EventDate "2009.??.??"]
[WhiteTeam "Sabt Frankfurter TV 1860"]
[BlackTeam "SV Empor Erfurt"]

1. e4 e6 2. Nf3 d5 3. Nc3 d4 4. Ne2 c5 5. c3 Nc6 6. cxd4 Nf6 7. e5 Nd7 8. dxc5
Bxc5 9. d4 Ndxe5 10. Nxe5 Nxe5 11. Qa4+ Bd7 12. Qb3 Bb4+ 13. Nc3 Nc6 14. Be3
O-O 15. Be2 Bd6 16. O-O Na5 17. Qd1 Rc8 18. Ne4 Bxh2+ 19. Kxh2 Qh4+ 20. Kg1
Qxe4 21. Bd3 Qh4 22. Qe2 Nc6 23. Rad1 Nb4 24. Bb1 Nd5 25. a3 a6 26. Rfe1 Bc6
27. Bc1 Ba4 28. g3 Bxd1 29. Rxd1 Qf6 30. Kg2 Rc6 31. Rh1 g6 32. Bd2 Rfc8 33.
Qg4 Rc4 34. Rh4 h5 35. Qe4 Qf5 36. Qe1 Qf6 37. Qe4 Qg7 38. b3 R4c7 39. Qd3 b5
40. Rh1 Rc6 41. f3 Nc3 42. Bc2 Ne4 43. fxe4 Rxc2 44. Re1 R8c3 45. Qxc3 Rxc3 46.
Bxc3 Qf8 47. Bb4 Qc8 48. Re3 Qc2+ 49. Kf3 Qd1+ 50. Re2 Qxb3+ 51. Kf2 a5 52.
Bxa5 Qxa3 53. Bb6 b4 54. d5 b3 55. Bd4 Qb4 56. Bb2 Qc5+ 57. Kf1 Kf8 58. dxe6
fxe6 59. e5 Ke7 60. Rd2 Qe3 61. Rg2 Kd7 0-1

[Event "SV Empor Erfurt-Sabt Frankfurter TV 1860"]
[Site "DVM U14 in Arendsee"]
[Date "2009.12.29"]
[Round "6.2"]
[White "Lorenz, Erik"]
[Black "Diyap, Murat"]
[Result "0-1"]
[WhiteElo "1576"]
[BlackElo "1678"]
[PlyCount "64"]
[EventDate "2009.??.??"]
[WhiteTeam "SV Empor Erfurt"]
[BlackTeam "Sabt Frankfurter TV 1860"]

1. e4 {[%emt 0:00:00]} c5 2. Nf3 Nc6 3. d4 cxd4 4. Nxd4 Nf6 5. Nc3 e5 6. Ndb5
d6 7. Bg5 a6 8. Na3 b5 9. Nd5 Be7 10. Bxf6 Bxf6 11. c3 Bg5 12. Nc2 O-O 13. a4
Rb8 14. axb5 axb5 15. h4 Bh6 16. g4 Bf4 17. Nce3 b4 18. Bc4 bxc3 19. bxc3 Bb7
20. Nxf4 exf4 21. Nd5 Ne5 22. Ba2 Bxd5 23. Bxd5 Rb2 24. g5 Qb6 25. O-O Qc7 26.
Ra3 Qd7 27. c4 Rfb8 28. Kh2 Ng4+ 29. Kg1 Ne3 30. fxe3 Qh3 31. Bxf7+ Kf8 32. Rf2
Qg3+ 0-1

[Event "SV Empor Erfurt-Sabt Frankfurter TV 186"]
[Site "DVM U14 in Arendsee"]
[Date "2009.12.29"]
[Round "6.3"]
[White "Abrahamyan, Arsen"]
[Black "Schneider, Jan"]
[Result "1/2-1/2"]
[WhiteElo "1599"]
[BlackElo "1524"]
[PlyCount "51"]
[EventDate "2009.??.??"]
[WhiteTeam "Sabt Frankfurter TV 1860"]
[BlackTeam "SV Empor Erfurt"]

1. e4 e5 2. Nf3 Nc6 3. d4 exd4 4. Nxd4 Bc5 5. Nxc6 Qf6 6. Qd2 dxc6 7. Bd3 Be6
8. Nc3 Ne7 9. b3 Bxf2+ 10. Qxf2 Qxc3+ 11. Qd2 Qxd2+ 12. Bxd2 O-O 13. O-O-O Ng6
14. Bc3 Nf4 15. g3 Nxd3+ 16. Rxd3 Bg4 17. h3 Be6 18. g4 Rfd8 19. Rhd1 Rxd3 20.
Rxd3 f6 21. Kd2 Kf7 22. Ke3 c5 23. Kf3 Ke7 24. h4 Rd8 25. Rxd8 Kxd8 26. Kf4
1/2-1/2